Państwa papieży - nagła śmierć - Statystyki

Ogólne statystyki
  • Ten quiz został rozwiązany 514 razy
    409 od ostatniego zresetowania
  • Średni wynik to 5 z 15
Answers on the Grid
Answers color-coded by a green-red scale on the quiz's grid according to % correct below.
Jordania
Argentyna
Węgry
Filipiny
Niemcy
Watykan
Irak
Brazylia
Chiny
Stany Zjednoczone
Republika Południowej Afryki
Grecja
Japonia
Portugalia
Liban
Francja
Holandia
Chorwacja
Palestyna
Macedonia Północna
Belgia
Hiszpania
Turcja
Polska
Egipt
Syria
Włochy
Australia
Cypr
Libia
 
Statystyki odpowiedzi
Odpowiedź % Poprawnych
Argentyna
90%
Niemcy
70%
Polska
62%
Włochy
58%
Stany Zjednoczone
55%
Francja
45%
Hiszpania
35%
Grecja
21%
Portugalia
21%
Holandia
19%
Syria
17%
Turcja
13%
Chorwacja
12%
Palestyna
10%
Libia
8%
Nie znaleziono quizów pasujących do podanych kryteriów
Rozkład punktacji
Procent ludzi z każdym wynikiem
Percentyl według liczby udzielonych odpowiedzi
Twoja historia wyników
Nie rozwiązałeś tego quizu od ostatniego zresetowania